Statistics for Regular Convex Polyhedrons (Platonic Solids)

Click here to take the quiz!

General Stats

  • This quiz has been taken 39 times
  • The average score is 4 of 5

Answer Stats

Face Shape # of Faces Answer % Correct
square6cube
100%
pentagon12dodecahedron
94%
triangle4tetrahedron
88%
triangle8octahedron
85%
triangle20icosahedron
64%

Score Distribution

Percentile by Number Answered

Percent of People with Each Score

Your Score History

You have not taken this quiz